[Event "Volgodonsk op"]
[Site "Volgodonsk"]
[Date "2007.07.19"]
[Round "1"]
[White "Kovtun, Alexander"]
[Black "Shamshin, Rudolf"]
[Result "0-1"]
[WhiteElo "1988"]
[BlackElo "2252"]
[PlyCount "86"]
[EventDate "2007.07.19"]
[EventType "swiss"]
[EventRounds "9"]
[EventCountry "RUS"]
[SourceTitle "EXT 2010"]
[Source "ChessBase"]
[SourceDate "2010.11.25"]
[SourceVersion "1"]
[SourceVersionDate "2010.11.25"]
[SourceQuality "1"]

1. e4 c5 2. Nf3 g6 3. d4 cxd4 4. Nxd4 Bg7 5. Be3 Nf6 6. Nc3 Nc6 7. f3 0-0 8. Bc4 Qb6 9. Bb3 Ng4 10. fxg4 Bxd4 11. Bxd4 Qxd4 12. Qxd4 Nxd4 13. 0-0-0 Nc6 14. Rhe1 d6 15. h3 Be6 16. Bxe6 fxe6 17. Rf1 Kg7 18. Nb5 Rxf1 19. Rxf1 Rc8 20. c3 a6 21. Na3 Ne5 22. Kd2 b5 23. b3 Nd7 24. Nc2 e5 25. g5 Nc5 26. Ke3 Ne6 27. Kd3 Nf4+ 28. Rxf4 exf4 29. Nb4 a5 30. Nd5 e5 31. Ne7 Rc5 32. Nd5 Kf7 33. h4 Ke6 34. Nf6 h6 35. Nh7 Rc7 36. Nf6 hxg5 37. hxg5 Rf7 38. a3 Rc7 39. b4 axb4 40. axb4 Ra7 41. Ke2 Ra2+ 42. Kf3 Rd2 43. Nd5 Rxd5 0-1